Word Ladder: All I Want for Christmas Quiz Stats

 Plays Quiz Updated Dec 12, 2014

Challenge
Share
Tweet
Embed
Score 0/22 Timer 02:00
3 Plays Today
Hint 4-Letter Word % Correct
Frosted Flakes felineTONY
91.9%
◉ NINTENDO RIVAL ◉◉ SONY ◉
86.3%
Open and ____SHUT
82.4%
Say a RosaryPRAY
81.9%
Glass of Guinness?PINT
81.1%
Like Tim CratchitTINY
79.5%
◉ HAMLET OR ANNIE ◉◉ PLAY ◉
78.6%
Shade of colorTINT
78.4%
Dispatch a dragonSLAY
76.2%
◉ COMMAND TO FIDO ◉◉ STAY ◉
76.1%
Attempt at a basketSHOT
75.7%
Hint 4-Letter Word % Correct
◉ GIVE A COLD SHOULDER ◉◉ SHUN ◉
73.5%
Mr. Lee or LaurelSTAN
70.9%
Popular phaser settingSTUN
69.7%
◉ TWO BY ____◉ FOUR ◉
67.7%
Bottled upPENT
65.5%
UK jerkPRAT
63.9%
Mossy fuelPEAT
62.7%
Santa's suit besmircherSOOT
62.7%
SightseeTOUR
62.4%
Whistle noteTOOT
56.8%
BoastTOUT
54%

Today's Daily Dose

You're not logged in!

Compare scores with friends on all Sporcle quizzes.
OR
Log In

You Might Also Like...

Show Comments

Extras

Top Quizzes Today


Score Distribution

Your Account Isn't Verified!

In order to create a playlist on Sporcle, you need to verify the email address you used during registration. Go to your Sporcle Settings to finish the process.

Report this User

Report this user for behavior that violates our Community Guidelines.

Details: